• 首页
  • 本馆介绍
  • 公告通知
  • 最新文献
  • 馆藏检索
  • 电子资源
  • 读者导购
  • 参考咨询
  • 我的图书馆
  • 登录
  • 详细信息显示
  • 放入我的书架
  • 预约/预借图书
  • 作者相关作品
  • 分类相关作品
  • 丛书相关作品
  • 出版社相关作品

书目信息

  • 表格格式
  • 工作单格式
  • 卡片格式
题名:
城市轨道交通票务管理实务
    
 
作者: 方振龙 , 贺丽萍 主编
分册:  
出版信息: 北京   北京理工大学出版社  2015.11
页数: 243页
开本: 26cm
丛书名: 面向高等职业教育精品系列教材
单 册:
中图分类: U293.22 , U293
科图分类:
主题词: 城市铁路--cheng shi tie lu--旅客运输--售票--管理--高等职业教育--教材
电子资源:
ISBN: 978-7-5682-1585-5
000 01251nam 2200277 450
001 2368448833
005 20231125190105.60
010    @a978-7-5682-1585-5@dCNY47.00
100    @a20230215d2015 em y0chiy50 ea
101 0  @achi
102    @aCN@b110000
105    @aa a 000yy
200 1  @a城市轨道交通票务管理实务@Acheng shi gui dao jiao tong piao wu guan li shi wu@f主编方振龙, 贺丽萍
210    @a北京@c北京理工大学出版社@d2015.11
215    @a243页@c图@d26cm
225 2  @a面向高等职业教育精品系列教材@Amian xiang gao deng zhi ye jiao yu jing pin xi lie jiao cai@i轨道交通类
320    @a有书目
330    @a本书对城市轨道交通票务岗位技能进行了细致、系统的分析, 主要内容以轨道交通企业票务岗位人员技能需求和学生认知规律为依据, 详细讲解了城市轨道交通票务系统概述 ; 自动售检票系统终端设备的操作与日常维护等七个项目。主要内容包括: 城市轨道交通票务系统认知、自动售票系统认知、城市轨道交通票务业务管理等。
410  0 @12001 @a面向高等职业教育精品系列教材@i轨道交通类
606 0  @a城市铁路@Acheng shi tie lu@x旅客运输@x售票@x管理@x高等职业教育@j教材
690    @aU293.22@v5
690    @aU293@v4
701  0 @a方振龙@Afang zhen long@4主编
701  0 @a贺丽萍@Ahe li ping@4主编
801  0 @aCN@b人天书店@c20230215
905    @aBZT@dU293@e4
    
    城市轨道交通票务管理实务/主编方振龙, 贺丽萍.-北京:北京理工大学出版社,2015.11
    243页:图;26cm.-(面向高等职业教育精品系列教材.轨道交通类)
    
    
    ISBN 978-7-5682-1585-5:CNY47.00
    本书对城市轨道交通票务岗位技能进行了细致、系统的分析, 主要内容以轨道交通企业票务岗位人员技能需求和学生认知规律为依据, 详细讲解了城市轨道交通票务系统概述 ; 自动售检票系统终端设备的操作与日常维护等七个项目。主要内容包括: 城市轨道交通票务系统认知、自动售票系统认知、城市轨道交通票务业务管理等。
●
相关链接 在五车中查询图书 在当当中查询图书 在豆瓣中查询图书


正题名:城市轨道交通票务管理实务     索取号:U293/4         预约/预借

序号 登录号 条形码 馆藏地/架位号 状态 备注
1 2001092620   2001092620   东辅楼二楼书库/ [索取号:U293/4] 在馆    
2 2001092621   2001092621   东辅楼二楼书库/ [索取号:U293/4] 在馆    
3 2001092622   2001092622   东辅楼二楼书库/ [索取号:U293/4] 在馆    
4 2001092623   2001092623   东辅楼二楼书库/ [索取号:U293/4] 在馆    
5 2001092624   2001092624   东辅楼二楼书库/ [索取号:U293/4] 在馆    
6 2001092625   2001092625   东辅楼二楼书库/ [索取号:U293/4] 在馆    
7 2001092626   2001092626   东辅楼二楼书库/ [索取号:U293/4] 在馆    
8 2001092627   2001092627   东辅楼二楼书库/ [索取号:U293/4] 在馆    
9 2001092628   2001092628   东辅楼二楼书库/ [索取号:U293/4] 在馆    
10 2001092629   2001092629   东辅楼二楼书库/ [索取号:U293/4] 在馆    
11 2001092630   2001092630   东辅楼二楼书库/ [索取号:U293/4] 在馆    
12 2001092631   2001092631   东辅楼二楼书库/ [索取号:U293/4] 在馆    
13 2001092632   2001092632   东辅楼二楼书库/ [索取号:U293/4] 在馆    
14 2001092633   2001092633   东辅楼二楼书库/ [索取号:U293/4] 在馆    
15 2001092634   2001092634   东辅楼二楼书库/ [索取号:U293/4] 在馆    
16 2001092635   2001092635   东辅楼二楼书库/ [索取号:U293/4] 在馆    
17 2001092636   2001092636   东辅楼二楼书库/ [索取号:U293/4] 在馆    
18 2001092637   2001092637   东辅楼二楼书库/ [索取号:U293/4] 在馆    
19 2001092638   2001092638   东辅楼二楼书库/ [索取号:U293/4] 在馆    
20 2001092639   2001092639   东辅楼二楼书库/ [索取号:U293/4] 在馆    
21 2001092640   2001092640   东辅楼二楼书库/ [索取号:U293/4] 在馆    
22 2001092641   2001092641   东辅楼二楼书库/ [索取号:U293/4] 在馆    
23 2001092642   2001092642   东辅楼二楼书库/ [索取号:U293/4] 在馆    
24 2001092643   2001092643   东辅楼二楼书库/ [索取号:U293/4] 在馆    
25 2001092644   2001092644   东辅楼二楼书库/ [索取号:U293/4] 在馆    
26 2001092645   2001092645   东辅楼二楼书库/ [索取号:U293/4] 在馆    
27 2001092646   2001092646   东辅楼二楼书库/ [索取号:U293/4] 在馆    
28 2001092647   2001092647   东辅楼二楼书库/ [索取号:U293/4] 在馆    
29 2001092648   2001092648   东辅楼二楼书库/ [索取号:U293/4] 在馆    
30 2001092649   2001092649   东辅楼二楼书库/ [索取号:U293/4] 在馆    
山东省滨州职业学院图书馆 欢迎您!
大连网信软件有限公司© 版权所有